| 000 | 01033nam a2200253 a 4500 | ||
|---|---|---|---|
| 001 | 22739 | ||
| 003 | CO-ViMGA | ||
| 008 | 141112s2004 ck r 000 u spa d | ||
| 020 | _a9587110420 | ||
| 040 |
_aCO-ViMGA _bspa _cCO-ViMGA |
||
| 082 | 0 | 4 | _a323.422 C151d |
| 100 | 1 |
_aCamargo, Pedro Pablo _922821 |
|
| 245 | 1 | 0 | _aEl debido proceso |
| 250 | _a4 ed. | ||
| 260 |
_aColombia : _bLeyer |
||
| 300 | _a372p. | ||
| 505 | _aOrogen - desarrollo y estatuto del debido proceso como garantia judicial universal, La proteccion internacional de las garantias judiciales, El debido proceso en colombia, Irretroactividad y favorabilidad de la ley, La justica especializada y el debido proceso, Exclusion de pruebas obtenidas en violacion del debido proceso | ||
| 650 | 1 | 4 |
_aADMINISTRACION DE JUSTICIA PENAL - COLOMBIA _932435 |
| 650 | 1 | 4 |
_aDEBIDO PROCESO _932436 |
| 650 | 1 | 4 | _aDERECHO PENAL - COLOMBIA |
| 650 | 1 | 4 |
_aGARANTIAS PROCESALES - América LATINA _932437 |
| 650 | 1 | 4 |
_aGARANTIAS PROCESALES - EUROPA _932438 |
| 942 |
_2ddc _cBK |
||
| 999 |
_c31037 _d31037 |
||